[Event "Karlsruhe Grenke op"]
[Site "Karlsruhe"]
[Date "2024.03.29"]
[Round "3"]
[White "Svane, Rasmus"]
[Black "Culum, Sanjin"]
[Result "1-0"]
[WhiteElo "2623"]
[BlackElo "2359"]
[PlyCount "99"]
[EventDate "2024.03.28"]
[EventType "swiss"]
[EventRounds "9"]
[EventCountry "GER"]
[SourceTitle "CB14_2024"]
[SourceDate "2024.04.01"]
[SourceVersion "1"]
[SourceVersionDate "2024.04.01"]
[SourceQuality "1"]

1. Nf3 Nf6 2. c4 e6 3. g3 d5 4. Bg2 dxc4 5. Qa4+ Bd7 6. Qxc4 c5 7. 0-0 Bc6 8. Qc2 Nbd7 9. d3 Rc8 10. Rd1 Be7 11. a4 0-0 12. Nc3 Bd6 13. e4 Ne5 14. Ne1 Bb8 15. f4 Qd4+ 16. Kf1 Ng6 17. Qe2 Qd7 18. Be3 b6 19. d4 Qb7 20. e5 Nd5 21. Nxd5 Bxd5 22. Bxd5 exd5 23. Rac1 cxd4 24. Bxd4 Qd7 25. b3 Ne7 26. Nf3 h6 27. Bf2 Rxc1 28. Rxc1 Rc8 29. Rxc8+ Qxc8 30. Qd3 Bc7 31. Nd4 Bd8 32. Kg2 h5 33. Qb5 Kf8 34. Qe2 Qg4 35. Qxg4 hxg4 36. Be1 Ke8 37. Bb4 Nc8 38. Nf5 Be7 39. Bc3 Bc5 40. Nxg7+ Kd7 41. Nf5 Ke6 42. Ng7+ Kd7 43. Nf5 Ke6 44. Nh6 d4 45. Bd2 f5 46. exf6 Nd6 47. b4 Ne4 48. bxc5 bxc5 49. f7 Ke7 50. Ba5 1-0

[Event "Karlsruhe Grenke op"]
[Site "Karlsruhe"]
[Date "2024.03.28"]
[Round "1"]
[White "Svane, Rasmus"]
[Black "Dylong, Antoni"]
[Result "1-0"]
[WhiteElo "2623"]
[BlackElo "2123"]
[PlyCount "45"]
[EventDate "2024.03.28"]
[EventType "swiss"]
[EventRounds "9"]
[EventCountry "GER"]
[SourceTitle "CB14_2024"]
[SourceDate "2024.04.01"]
[SourceVersion "1"]
[SourceVersionDate "2024.04.01"]
[SourceQuality "1"]

1. Nf3 Nf6 2. c4 e6 3. g3 Be7 4. Bg2 0-0 5. 0-0 d5 6. b3 c5 7. cxd5 Nxd5 8. Nc3 Nxc3 9. dxc3 Qxd1 10. Rxd1 Nc6 11. Be3 Rd8 12. Rxd8+ Nxd8 13. Rd1 Nc6 14. Nd2 e5 15. Nc4 Be6 16. Bxc6 Bxc4 17. Bxb7 Bxe2 18. Rd7 Re8 19. Bd5 Kf8 20. Bxc5 a6 21. Rc7 Bxc5 22. Rxf7+ Kg8 23. Rc7+ 1-0

[Event "Titled Tuesday intern op 12th Mar Early"]
[Site "Chess.com INT"]
[Date "2024.03.12"]
[Round "3"]
[White "Svane, Rasmus"]
[Black "Aalto, Patrik"]
[Result "1/2-1/2"]
[WhiteElo "2623"]
[BlackElo "2251"]
[PlyCount "148"]
[EventDate "2024.03.12"]
[EventType "swiss (blitz)"]
[EventRounds "11"]
[EventCountry "USA"]
[SourceTitle "CB12_2024"]
[SourceDate "2023.10.01"]
[SourceVersion "1"]
[SourceVersionDate "2023.10.01"]
[SourceQuality "1"]

1. Nf3 Nf6 2. g3 b5 3. Bg2 Bb7 4. 0-0 e6 5. b3 Be7 6. c4 a6 7. Bb2 0-0 8. Qc2 c5 9. Nc3 bxc4 10. bxc4 Nc6 11. Rfd1 Rb8 12. Rab1 Qc7 13. Ba1 Nd4 14. Qd3 Nxf3+ 15. Bxf3 Bxf3 16. Qxf3 Rxb1 17. Rxb1 Rb8 18. Qd3 h6 19. Qc2 Rb7 20. Rb3 Qb8 21. Na4 Rxb3 22. axb3 d6 23. d4 Nd7 24. dxc5 Nxc5 25. Nxc5 dxc5 26. Bc3 Qb7 27. Qd1 Qc7 28. Qd3 Qd6 29. Qc2 Qc7 30. Bd2 Bf6 31. Bf4 Be5 32. Bd2 Bf6 33. h4 Bd4 34. Qd3 Qb8 35. b4 Qc7 36. b5 axb5 37. cxb5 Qb6 38. Qc4 Qc7 39. e3 Be5 40. Kf1 Qb6 41. Ke2 Bd6 42. Qa4 Qb7 43. Qa6 Qd5 44. Qc6 Qc4+ 45. Ke1 Be5 46. b6 Qc2 47. b7 c4 48. Qc8+ Kh7 49. b8Q Bxb8 50. Qxb8 c3 51. Bxc3 Qxc3+ 52. Ke2 Qc2+ 53. Kf3 Qd1+ 54. Kg2 Qd5+ 55. Kh2 Qf5 56. Qb2 Qf6 57. Qe2 Qf5 58. e4 Qf6 59. Qe3 Qg6 60. Kg2 e5 61. Qf3 Qf6 62. Qxf6 gxf6 63. Kf3 Kg6 64. g4 h5 65. gxh5+ Kxh5 66. Kg3 f5 67. exf5 f6 68. f3 Kh6 69. Kg4 Kg7 70. Kh5 Kh7 71. Kg4 Kg7 72. Kg3 Kh6 73. Kh3 Kh5 74. Kg3 Kh6 1/2-1/2

[Event "Titled Tuesday intern op 12th Mar Late"]
[Site "Chess.com INT"]
[Date "2024.03.12"]
[Round "4"]
[White "Svane, Rasmus"]
[Black "Wieczorek, Oskar"]
[Result "1/2-1/2"]
[WhiteElo "2623"]
[BlackElo "2491"]
[PlyCount "147"]
[EventDate "2024.03.12"]
[EventType "swiss (blitz)"]
[EventRounds "11"]
[EventCountry "USA"]
[SourceTitle "CB12_2024"]
[SourceDate "2023.10.01"]
[SourceVersion "1"]
[SourceVersionDate "2023.10.01"]
[SourceQuality "1"]

1. Nf3 c5 2. c4 g6 3. d4 cxd4 4. Nxd4 Nc6 5. e4 Nf6 6. Nc3 d6 7. Nc2 Bg7 8. Be2 0-0 9. 0-0 Nd7 10. Bd2 Nc5 11. b4 Ne6 12. Rb1 Ncd4 13. Nxd4 Nxd4 14. Bd3 Be6 15. Be3 Nf3+ 16. Qxf3 Bxc3 17. Rfc1 Bg7 18. Qe2 Qd7 19. c5 dxc5 20. Bb5 Qc7 21. Rxc5 Qb8 22. Rbc1 a6 23. Bc4 Bxc4 24. Qxc4 e6 25. g3 b5 26. Qb3 Qb7 27. Qc2 Rad8 28. Rc7 Qa8 29. Qc6 Be5 30. Ra7 Qxc6 31. Rxc6 Bd4 32. Bxd4 Rxd4 33. a3 Rxe4 34. Rcxa6 Rc8 35. Ra8 Rxa8 36. Rxa8+ Kg7 37. Ra5 Re1+ 38. Kg2 Ra1 39. Kf3 Ra2 40. Ke3 f5 41. f4 Kf6 42. h4 h6 43. Kd4 g5 44. hxg5+ hxg5 45. Kc5 gxf4 46. gxf4 e5 47. fxe5+ Kxe5 48. Kxb5 f4 49. Kc4+ Ke4 50. Ra8 f3 51. Re8+ Kf4 52. Rf8+ Ke3 53. Kb3 Rd2 54. Re8+ Kf4 55. Kc3 Rd5 56. Rf8+ Ke3 57. a4 Rd3+ 58. Kc4 Rd4+ 59. Kc5 Rf4 60. Re8+ Kd2 61. Rd8+ Ke2 62. Re8+ Kd2 63. Rh8 f2 64. Rh1 f1Q 65. Rxf1 Rxf1 66. a5 Kc3 67. a6 Rf5+ 68. Kb6 Kxb4 69. a7 Rf8 70. Kb7 Kb5 71. a8Q Rf7+ 72. Kc8 Rf8+ 73. Kb7 Rxa8 74. Kxa8 1/2-1/2

[Event "Titled Tuesday intern op 27th Feb Late"]
[Site "Chess.com INT"]
[Date "2024.02.27"]
[Round "3"]
[White "Domingo Nunez, Ruben"]
[Black "Svane, Rasmus"]
[Result "1/2-1/2"]
[WhiteElo "2446"]
[BlackElo "2632"]
[PlyCount "203"]
[EventDate "2024.02.27"]
[EventType "swiss (blitz)"]
[EventRounds "11"]
[EventCountry "USA"]
[SourceTitle "CB10_2024"]
[SourceDate "2024.03.06"]
[SourceVersion "1"]
[SourceVersionDate "2024.03.06"]
[SourceQuality "1"]

1. c4 e6 2. Nf3 d5 3. d4 a6 4. cxd5 exd5 5. Nc3 Nf6 6. Bg5 Be6 7. e3 Nbd7 8. Bd3 Bd6 9. h3 c6 10. Qc2 Qc7 11. 0-0 h6 12. Bxf6 Nxf6 13. e4 dxe4 14. Nxe4 Nxe4 15. Bxe4 0-0 16. Rfd1 Rad8 17. Rac1 Qb8 18. Bf5 Bd5 19. Be4 Bxe4 20. Qxe4 Rfe8 21. Qf5 g6 22. Qa5 Bf4 23. Rc2 Rd5 24. Qb4 Bd6 25. Qb3 Bf8 26. Rcd2 Bg7 27. Ne1 Red8 28. Nc2 R8d7 29. Re2 Bf6 30. Nb4 Rb5 31. Qc4 a5 32. Nxc6 bxc6 33. Qxc6 Re7 34. Rde1 Rxe2 35. Rxe2 Kg7 36. Re8 Qb6 37. Qc8 Qb7 38. Rg8+ Kh7 39. Qe8 Qe7 40. Qxb5 Kxg8 41. Qxa5 Kg7 42. Qd2 Qd6 43. d5 Be5 44. g3 Qb6 45. b3 Qd4 46. Qxd4 Bxd4 47. Kf1 Kf6 48. f4 Ke7 49. Ke2 Kd6 50. Kd3 Kxd5 51. a4 Bf2 52. g4 Bc5 53. Kc3 Bd6 54. f5 gxf5 55. gxf5 Ke5 56. Kc4 Kxf5 57. a5 Ke4 58. Kb5 f5 59. a6 Bb8 60. Kb6 Be5 61. Kb7 Bd4 62. b4 f4 63. b5 f3 64. b6 Bxb6 65. Kxb6 f2 66. a7 f1Q 67. a8Q+ Ke3 68. Qe8+ Kd4 69. Qh8+ Kd5 70. Qxh6 Qb1+ 71. Kc7 Qc2+ 72. Kd8 Ke5 73. Qg5+ Ke6 74. Qe7+ Kd5 75. Qd7+ Ke5 76. Qe7+ Kf4 77. Qh4+ Ke5 78. Qg5+ Ke6 79. h4 Qd3+ 80. Kc7 Qd6+ 81. Kb7 Qb4+ 82. Kc6 Qc4+ 83. Kb6 Qb4+ 84. Kc6 Qc4+ 85. Kb6 Qb4+ 86. Ka6 Qa4+ 87. Kb7 Qb4+ 88. Ka7 Qa4+ 89. Kb6 Kf7 90. Qf5+ Kg7 91. h5 Qb4+ 92. Kc6 Qc4+ 93. Kd6 Qd4+ 94. Ke6 Qb6+ 95. Ke5 Qc5+ 96. Kf4 Qxf5+ 97. Kxf5 Kh6 98. Kg4 Kh7 99. h6 Kh8 100. Kg5 Kg8 101. h7+ Kh8 102. Kh6 1/2-1/2

[Event "Titled Tuesday intern op 27th Feb Late"]
[Site "Chess.com INT"]
[Date "2024.02.27"]
[Round "6"]
[White "Solon, Nathan"]
[Black "Svane, Rasmus"]
[Result "0-1"]
[WhiteElo "2327"]
[BlackElo "2632"]
[PlyCount "78"]
[EventDate "2024.02.27"]
[EventType "swiss (blitz)"]
[EventRounds "11"]
[EventCountry "USA"]
[SourceTitle "CB10_2024"]
[SourceDate "2024.03.06"]
[SourceVersion "1"]
[SourceVersionDate "2024.03.06"]
[SourceQuality "1"]

1. d4 d5 2. Bf4 Nf6 3. e3 c5 4. Nf3 Nc6 5. Nbd2 Bg4 6. h3 Bxf3 7. Nxf3 e6 8. c3 Bd6 9. dxc5 Bxc5 10. Bd3 Bd6 11. Bxd6 Qxd6 12. 0-0 0-0 13. c4 Rfd8 14. cxd5 Qxd5 15. Be2 Qc5 16. Qa4 Qb6 17. b3 Nd5 18. Rac1 Nxe3 19. Rfe1 Nf5 20. Qf4 h6 21. Bc4 Nfd4 22. Nxd4 Rxd4 23. Qg3 Rad8 24. Re2 Rd1+ 25. Rxd1 Rxd1+ 26. Kh2 Qd4 27. Qc7 Qd6+ 28. Qxd6 Rxd6 29. f4 g6 30. g4 Kg7 31. Kg3 a6 32. Rf2 b5 33. Bf1 Kf6 34. g5+ hxg5 35. fxg5+ Ke7 36. h4 Nd4 37. Bh3 Rc6 38. Rd2 Rc3+ 39. Kg2 Nf3 0-1

[Event "Bundesliga 2324"]
[Site "Germany"]
[Date "2024.02.25"]
[Round "11.7"]
[White "Svane, Rasmus"]
[Black "Abel, Dennes"]
[Result "1-0"]
[WhiteElo "2646"]
[BlackElo "2404"]
[PlyCount "75"]
[EventDate "2023.10.21"]
[EventType "team-tourn"]
[EventRounds "15"]
[EventCountry "GER"]
[SourceTitle "CB09_2024"]
[SourceDate "2024.02.28"]
[SourceVersion "1"]
[SourceVersionDate "2024.02.28"]
[SourceQuality "1"]
[WhiteTeam "Hamburger SK"]
[BlackTeam "Lister Turm"]
[WhiteTeamCountry "GER"]
[BlackTeamCountry "GER"]

1. e4 c6 2. d4 d5 3. exd5 cxd5 4. Bd3 Nf6 5. h3 Nc6 6. c3 e5 7. dxe5 Nxe5 8. Qe2 Qe7 9. Be3 Nxd3+ 10. Qxd3 Qe4 11. Qb5+ Bd7 12. Qxb7 Rd8 13. Nf3 Bd6 14. Qa6 Bb8 15. Nbd2 Qg6 16. 0-0-0 d4 17. Nh4 Qh5 18. g4 Qd5 19. Bxd4 0-0 20. Rhe1 Bc8 21. Qa4 Qg5 22. Nhf3 Qf4 23. Qb5 Rd5 24. Qc4 Be6 25. Bxf6 Qxf6 26. Nd4 Qxf2 27. Rf1 Qe3 28. Rde1 Rxd4 29. Qxd4 Qxh3 30. Rxe6 fxe6 31. Rxf8+ Kxf8 32. Qd8+ Kf7 33. Qxb8 Qxg4 34. Qxa7+ Kg6 35. a4 h5 36. a5 h4 37. a6 h3 38. Qf2 1-0

[Event "Mitropa Cup"]
[Site "Apolda"]
[Date "2024.02.16"]
[Round "2.2"]
[White "Svane, Rasmus"]
[Black "Peyrer, Konstantin"]
[Result "1/2-1/2"]
[WhiteElo "2632"]
[BlackElo "2437"]
[PlyCount "115"]
[EventDate "2024.02.15"]
[EventType "team-tourn"]
[EventRounds "9"]
[EventCountry "GER"]
[SourceTitle "CB09_2024"]
[SourceDate "2024.02.28"]
[SourceVersion "1"]
[SourceVersionDate "2024.02.28"]
[SourceQuality "1"]
[WhiteTeam "Germany"]
[BlackTeam "Austria"]
[WhiteTeamCountry "GER"]
[BlackTeamCountry "AUT"]

1. Nf3 Nf6 2. c4 e6 3. Nc3 d5 4. d4 c6 5. e3 a6 6. h3 Nbd7 7. Qc2 dxc4 8. a4 c5 9. Bxc4 cxd4 10. exd4 Nb6 11. Bb3 Bd7 12. Ne5 Nbd5 13. Bxd5 Nxd5 14. Nxd5 exd5 15. 0-0 Be7 16. Qb3 f6 17. Nd3 Bc6 18. Bd2 Kf7 19. Bb4 Re8 20. Bxe7 Rxe7 21. Rfc1 Qd6 22. Rc5 Rae8 23. Qc3 Re2 24. b3 R8e4 25. Rf1 Re6 26. Nb4 h6 27. Nxc6 bxc6 28. Ra5 R6e3 29. Qc1 Rxb3 30. Rxa6 Qb4 31. Ra7+ Kg6 32. Qxc6 Rb1 33. Rxb1 Qxb1+ 34. Kh2 Qb8+ 35. Qc7 Qxc7+ 36. Rxc7 Rxf2 37. Rc5 Ra2 38. a5 Ra4 39. Rxd5 Kf7 40. Rd7+ Kg6 41. Rd5 Kf7 42. Rb5 Rxd4 43. Rb7+ Kg6 44. a6 Ra4 45. a7 f5 46. Kg3 Kf6 47. Kf3 Ra3+ 48. Ke2 g5 49. Kd2 g4 50. hxg4 fxg4 51. Kc2 h5 52. Kb2 Ra5 53. Kc3 h4 54. Kb4 Ra1 55. Rb6+ Kg7 56. Rb7+ Kf6 57. Rb6+ Kg7 58. Rb7+ 1/2-1/2

[Event "Titled Tuesday intern op 06th Feb Late"]
[Site "Chess.com INT"]
[Date "2024.02.06"]
[Round "9"]
[White "Adewumi, Tanitoluwa"]
[Black "Svane, Rasmus"]
[Result "0-1"]
[WhiteElo "2280"]
[BlackElo "2632"]
[PlyCount "106"]
[EventDate "2024.02.06"]
[EventType "swiss (blitz)"]
[EventRounds "11"]
[EventCountry "USA"]
[SourceTitle "CB07_2024"]
[SourceDate "2024.02.14"]
[SourceVersion "1"]
[SourceVersionDate "2024.02.14"]
[SourceQuality "1"]

1. e4 c6 2. d4 d5 3. exd5 cxd5 4. Bd3 Nc6 5. c3 Nf6 6. h3 g6 7. Nf3 Bf5 8. Be2 h6 9. 0-0 e6 10. Qb3 Rb8 11. Bf4 Bd6 12. Bxd6 Qxd6 13. Nbd2 g5 14. Rae1 0-0 15. Ne5 Nxe5 16. dxe5 Qxe5 17. Nf3 Qd6 18. Nd4 Bg6 19. Nb5 Qb6 20. Qa3 a6 21. Nd4 e5 22. Nf3 Rfe8 23. Bd1 Bd3 24. Ba4 Re6 25. Nxe5 Bxf1 26. Kxf1 Ne4 27. Nd3 Nd2+ 28. Kg1 Rxe1+ 29. Nxe1 Nc4 30. Qe7 Qe6 31. Qxe6 fxe6 32. Nd3 Kg7 33. Kf1 Kf6 34. Ke2 Ke7 35. Bc2 Kd6 36. b3 Ne5 37. Nb2 Rc8 38. Kd2 h5 39. Nd1 b5 40. Ne3 a5 41. a3 Rb8 42. b4 Nc4+ 43. Nxc4+ bxc4 44. Ke3 axb4 45. axb4 e5 46. g3 Ra8 47. Bd1 Ra3 48. Kd2 h4 49. gxh4 gxh4 50. f4 exf4 51. Bf3 Ke5 52. b5 Rb3 53. b6 Rxb6 0-1

[Event "Titled Tuesday intern op 06th Feb Late"]
[Site "Chess.com INT"]
[Date "2024.02.06"]
[Round "10"]
[White "Sevian, Samuel"]
[Black "Svane, Rasmus"]
[Result "1-0"]
[WhiteElo "2697"]
[BlackElo "2632"]
[PlyCount "69"]
[EventDate "2024.02.06"]
[EventType "swiss (blitz)"]
[EventRounds "11"]
[EventCountry "USA"]
[SourceTitle "CB07_2024"]
[SourceDate "2024.02.14"]
[SourceVersion "1"]
[SourceVersionDate "2024.02.14"]
[SourceQuality "1"]

1. e4 e5 2. Nf3 Nc6 3. Bb5 a6 4. Ba4 Nf6 5. Qe2 Be7 6. 0-0 b5 7. Bb3 0-0 8. c3 d5 9. d3 Bb7 10. Nbd2 Re8 11. Rd1 Bf8 12. Nf1 h6 13. Ng3 Qd7 14. h3 Rad8 15. Be3 Na5 16. Bc2 c5 17. Nh2 d4 18. Bd2 Nc6 19. Qf3 dxc3 20. bxc3 b4 21. Nf5 bxc3 22. Bxc3 Kh7 23. Bb3 Nd4 24. Bxd4 exd4 25. Re1 Bd6 26. Nxd6 Qxd6 27. Bxf7 Rf8 28. Qf5+ Kh8 29. Qg6 Qf4 30. g3 Qd2 31. Nf3 Qxd3 32. Ne5 Qd2 33. Qf5 Rxf7 34. Nxf7+ Kg8 35. Nxd8 1-0

[Event "Titled Tuesday intern op 06th Feb Late"]
[Site "Chess.com INT"]
[Date "2024.02.06"]
[Round "1"]
[White "Svane, Rasmus"]
[Black "Karas, Marek"]
[Result "1-0"]
[WhiteElo "2632"]
[BlackElo "2228"]
[PlyCount "81"]
[EventDate "2024.02.06"]
[EventType "swiss (blitz)"]
[EventRounds "11"]
[EventCountry "USA"]
[SourceTitle "CB07_2024"]
[SourceDate "2024.02.14"]
[SourceVersion "1"]
[SourceVersionDate "2024.02.14"]
[SourceQuality "1"]

1. Nf3 Nf6 2. g3 d5 3. Bg2 Nbd7 4. d4 Nb6 5. Nc3 Bf5 6. Nh4 e6 7. Nxf5 exf5 8. Qd3 g6 9. Bg5 Bg7 10. 0-0 0-0 11. a4 a5 12. e3 c6 13. Ne2 Nc4 14. b3 Nd6 15. c4 Nde4 16. Bxf6 Nxf6 17. Rfc1 Qd6 18. Nf4 dxc4 19. bxc4 c5 20. Rab1 Rad8 21. Nd5 Nxd5 22. Bxd5 b6 23. Rb5 cxd4 24. exd4 Qf6 25. Rd1 Rd6 26. Rb2 Rfd8 27. Re2 h5 28. Kg2 Kh7 29. Qf3 R6d7 30. Qf4 Qd6 31. Qf3 Qb4 32. Ra2 Qd6 33. Rb2 Qf6 34. h3 Rd6 35. Re2 Qg5 36. Bxf7 Rxd4 37. Rxd4 Bxd4 38. Re6 Bf6 39. h4 Qg4 40. Rxf6 Rd2 41. Bxg6+ 1-0

[Event "Titled Tuesday intern op 06th Feb Late"]
[Site "Chess.com INT"]
[Date "2024.02.06"]
[Round "7"]
[White "Svane, Rasmus"]
[Black "Melikyan, Gnel"]
[Result "1-0"]
[WhiteElo "2632"]
[BlackElo "2238"]
[PlyCount "123"]
[EventDate "2024.02.06"]
[EventType "swiss (blitz)"]
[EventRounds "11"]
[EventCountry "USA"]
[SourceTitle "CB07_2024"]
[SourceDate "2024.02.14"]
[SourceVersion "1"]
[SourceVersionDate "2024.02.14"]
[SourceQuality "1"]

1. Nf3 Nf6 2. g3 g6 3. Bg2 Bg7 4. 0-0 0-0 5. d4 d6 6. Re1 c5 7. dxc5 dxc5 8. c3 Nc6 9. Qxd8 Rxd8 10. Be3 c4 11. Na3 Ng4 12. Nxc4 Be6 13. Ncd2 Nxe3 14. fxe3 Ne5 15. Nd4 Ng4 16. Nf1 Bd5 17. Red1 Bh6 18. Nc2 Bc4 19. Bf3 Ne5 20. Kf2 Nxf3 21. exf3 Rxd1 22. Rxd1 Bxa2 23. Rd7 Rb8 24. Rxe7 Be6 25. Nd4 Bf8 26. Rc7 Bd6 27. Nxe6 Bxc7 28. Nxc7 Rd8 29. Nb5 Rd1 30. Ke2 Rb1 31. b4 a6 32. Nd4 b6 33. h4 a5 34. Nd2 Rb2 35. bxa5 bxa5 36. Kd3 a4 37. Nc2 Kg7 38. c4 Kf6 39. Kc3 Rb8 40. Ne4+ Ke5 41. Nc5 Rb1 42. Nxa4 Rg1 43. g4 Rh1 44. Nc5 Rxh4 45. Nd3+ Kd6 46. c5+ Kc7 47. Ncb4 Rh3 48. Nd5+ Kc6 49. Kd4 h5 50. gxh5 gxh5 51. Ne5+ Kb7 52. c6+ Kc8 53. Nxf7 Rxf3 54. Nd6+ Kd8 55. c7+ Kd7 56. c8Q+ Kxd6 57. Qc7+ Ke6 58. Qe7+ Kf5 59. Qf6+ Kg4 60. Qg6+ Kh4 61. Nf4 Rg3 62. Qxh5# 1-0

[Event "Chessable Masters Div 3 Lose"]
[Site "Chess.com INT"]
[Date "2024.02.02"]
[Round "1.1"]
[White "Yoo, Christopher Woojin"]
[Black "Svane, Rasmus"]
[Result "1-0"]
[WhiteElo "2595"]
[BlackElo "2632"]
[PlyCount "105"]
[EventDate "2024.02.02"]
[EventType "k.o. (rapid)"]
[EventRounds "8"]
[EventCountry "USA"]
[SourceTitle "CB06_2024"]
[SourceDate "2024.02.07"]
[SourceVersion "1"]
[SourceVersionDate "2024.02.07"]
[SourceQuality "1"]

1. e4 e5 2. Nf3 Nc6 3. Bb5 Nf6 4. 0-0 Nxe4 5. Re1 Nd6 6. Nxe5 Be7 7. Bf1 Nxe5 8. Rxe5 0-0 9. d4 Bf6 10. Bd3 Ne8 11. Nc3 c6 12. Ne4 d6 13. Nxf6+ Nxf6 14. Re1 Bg4 15. f3 Bh5 16. Bg5 Bg6 17. Bf1 Qb6 18. Bxf6 gxf6 19. b3 c5 20. d5 c4+ 21. Kh1 cxb3 22. axb3 Rfe8 23. Qd2 Qc5 24. c4 Rxe1 25. Qxe1 Kg7 26. b4 Qd4 27. Rd1 Qb6 28. Ra1 Qd4 29. Ra2 Kf8 30. Qg3 Qb6 31. Qf4 Re8 32. Ra1 Kg7 33. Qd2 a6 34. Rc1 Rc8 35. c5 dxc5 36. d6 c4 37. Rxc4 Rxc4 38. Bxc4 Bf5 39. h4 Bd7 40. h5 h6 41. Kh2 Qc6 42. Qd4 b6 43. Bd3 a5 44. b5 Qb7 45. Be4 Qa7 46. Bc6 a4 47. g4 a3 48. g5 hxg5 49. h6+ Kg6 50. Be4+ f5 51. Qg7+ Kh5 52. h7 fxe4 53. h8Q# 1-0